[Event "ESP-ch FEDC 29th"]
[Site "San Fernando"]
[Date "2020.11.22"]
[Round "6"]
[White "Ramirez Carrasco, Antonio"]
[Black "Moreno Luque, Ruben"]
[Result "1-0"]
[WhiteElo "1779"]
[BlackElo "1369"]
[PlyCount "61"]
[EventDate "2020.11.17"]
[EventType "swiss"]
[EventRounds "7"]
[EventCountry "ESP"]
[SourceTitle "EXT 2024"]
[Source "ChessBase"]
[SourceDate "2023.10.10"]
[SourceVersion "1"]
[SourceVersionDate "2023.10.10"]
[SourceQuality "1"]

1. e4 e6 2. d4 d5 3. e5 c5 4. c3 Nc6 5. Nf3 Nge7 6. a3 cxd4 7. cxd4 Nf5 8. Nc3 a6 9. b4 Qb6 10. Na4 Qa7 11. Bb2 Be7 12. Bd3 Bd7 13. Nc5 b5 14. Rc1 0-0 15. 0-0 Rac8 16. g4 Nh6 17. h3 f6 18. exf6 gxf6 19. Qe2 Nd8 20. Bb1 Kh8 21. Kh1 Rg8 22. Rg1 Nhf7 23. Rg2 Rc6 24. Rcg1 h6 25. h4 Qc7 26. Bc1 Bc8 27. g5 fxg5 28. hxg5 Nxg5 29. Nxg5 Bxg5 30. f4 Bf6 31. Rxg8# 1-0

[Event "ESP-ch FEDC 29th"]
[Site "San Fernando"]
[Date "2020.11.18"]
[Round "2"]
[White "Moreno Luque, Ruben"]
[Black "Fuster Aguilo, Joan"]
[Result "0-1"]
[WhiteElo "1369"]
[BlackElo "1709"]
[PlyCount "100"]
[EventDate "2020.11.17"]
[EventType "swiss"]
[EventRounds "7"]
[EventCountry "ESP"]
[SourceTitle "EXT 2024"]
[Source "ChessBase"]
[SourceDate "2023.10.10"]
[SourceVersion "1"]
[SourceVersionDate "2023.10.10"]
[SourceQuality "1"]

1. Nc3 g6 2. e4 Bg7 3. Nge2 d6 4. d4 Nf6 5. g3 Nc6 6. Bg2 Bg4 7. h3 Bxe2 8. Nxe2 e6 9. 0-0 Qd7 10. Be3 0-0 11. Qd2 Rfd8 12. Bh6 Bh8 13. Rad1 Ne8 14. c3 Ne7 15. f4 f5 16. Qe3 Ng7 17. Rd2 c6 18. Rfd1 fxe4 19. Qxe4 Ngf5 20. Bg5 d5 21. Qd3 a5 22. g4 Nd6 23. b3 a4 24. Re1 axb3 25. axb3 Ra3 26. Rb2 Rda8 27. Ng3 b5 28. Bxe7 Qxe7 29. f5 gxf5 30. gxf5 Ra1 31. Rbb1 Rxb1 32. Qxb1 Qh4 33. Kh2 exf5 34. Re6 Rd8 35. Nxf5 Qf4+ 36. Ng3 b4 37. cxb4 Bxd4 38. b5 Nxb5 39. Rxc6 Nc3 40. Qf5 Qxf5 41. Nxf5 Be5+ 42. Kh1 d4 43. Re6 Bf4 44. Re1 d3 45. Bf3 d2 46. Rg1+ Kf7 47. Bd1 Nxd1 48. Rxd1 Rd5 49. Nh4 Rc5 50. Rf1 Rc1 0-1

[Event "ESP-ch FEDC 29th"]
[Site "San Fernando"]
[Date "2020.11.17"]
[Round "1"]
[White "Mesa Garcia, Angel"]
[Black "Moreno Luque, Ruben"]
[Result "0-1"]
[WhiteElo "1674"]
[BlackElo "1369"]
[PlyCount "76"]
[EventDate "2020.11.17"]
[EventType "swiss"]
[EventRounds "7"]
[EventCountry "ESP"]
[SourceTitle "EXT 2024"]
[Source "ChessBase"]
[SourceDate "2023.10.10"]
[SourceVersion "1"]
[SourceVersionDate "2023.10.10"]
[SourceQuality "1"]

1. d4 d5 2. Nf3 Nc6 3. e3 e6 4. Nbd2 Nf6 5. Bb5 Bd7 6. 0-0 Bd6 7. c4 0-0 8. a3 Re8 9. c5 Bf8 10. b4 a5 11. Bxc6 Bxc6 12. Bb2 axb4 13. axb4 Nd7 14. Qc2 g6 15. Nb3 Bb5 16. Rfe1 c6 17. Nbd2 Bg7 18. e4 e5 19. exd5 exd4 20. Bxd4 Rxa1 21. Bxa1 Rxe1+ 22. Nxe1 Bxa1 23. dxc6 bxc6 24. Nef3 Qe7 25. h3 Ne5 26. Nh2 Qe6 27. Qb1 Bc3 28. Ndf3 Nxf3+ 29. Nxf3 Qc4 30. Qd1 Qd3 31. Qb3 Qc4 32. Qd1 Bxb4 33. Qd8+ Kg7 34. Ne5 Qf1+ 35. Kh2 Qxf2 36. Nd7 Qf4+ 37. Kh1 Bxc5 38. Qe8 Qf1+ 0-1

[Event "Benidorm op 24th"]
[Site "Benidorm"]
[Date "2020.10.07"]
[Round "6"]
[White "Moreno Luque, Ruben"]
[Black "Martinez Torres, Jose Manuel"]
[Result "1/2-1/2"]
[WhiteElo "1347"]
[BlackElo "1478"]
[PlyCount "73"]
[EventDate "2020.10.02"]
[EventType "tourn"]
[EventRounds "7"]
[EventCountry "ESP"]
[SourceTitle "EXT 2024"]
[Source "ChessBase"]
[SourceDate "2023.10.10"]
[SourceVersion "1"]
[SourceVersionDate "2023.10.10"]
[SourceQuality "1"]

1. Nc3 Nf6 2. e4 d6 3. g3 e5 4. Bg2 g6 5. Nge2 Bg7 6. 0-0 0-0 7. d4 Nc6 8. dxe5 dxe5 9. Bd2 Ne7 10. Qc1 c6 11. h3 Kh8 12. Bh6 Nfg8 13. Bxg7+ Kxg7 14. Qe3 Qc7 15. Rad1 Be6 16. b3 Nh6 17. Rd2 Rae8 18. Qxa7 Qc8 19. Kh2 f5 20. exf5 Rxf5 21. Ne4 Nf7 22. Nc5 Bd5 23. Qxb7 Qxb7 24. Nxb7 Rf8 25. c4 Bxg2 26. Kxg2 Ng5 27. f4 Ne6 28. Rd7 R5f7 29. Nd6 Nc5 30. Ra7 Nc8 31. Rxf7+ Rxf7 32. Nxf7 Kxf7 33. fxe5+ Ke6 34. Rf6+ Kd7 35. Rf7+ Ke6 36. Rxh7 Ne7 37. Nf4+ 1/2-1/2

[Event "Benidorm FEDC op 20th"]
[Site "Benidorm"]
[Date "2018.06.11"]
[Round "2"]
[White "Moreno Luque, Ruben"]
[Black "Delgado Lagares, Francisco Javier"]
[Result "0-1"]
[WhiteElo "1525"]
[BlackElo "1745"]
[PlyCount "78"]
[EventDate "2018.06.10"]
[EventType "swiss"]
[EventRounds "7"]
[EventCountry "ESP"]
[SourceTitle "CBM 184 Extra"]
[Source "ChessBase"]
[SourceDate "2018.06.28"]
[SourceVersion "1"]
[SourceVersionDate "2018.06.28"]
[SourceQuality "1"]

1. e4 c5 2. Nc3 d6 3. Nf3 Nc6 4. g3 Nf6 5. d3 e6 6. Bg2 Be7 7. 0-0 0-0 8. Be3 Bd7 9. d4 cxd4 10. Nxd4 a6 11. h3 Qc8 12. f4 Nxd4 13. Bxd4 e5 14. fxe5 dxe5 15. Bxe5 Bxh3 16. Qe2 Bxg2 17. Kxg2 Qe6 18. Bd4 Rad8 19. Rad1 Ng4 20. Nd5 Rxd5 21. e5 Bg5 22. Qe4 Rxd4 23. Rxd4 Ne3+ 24. Kg1 Nxf1 25. Kxf1 Qh3+ 26. Kf2 Qh2+ 27. Kf3 Qh1+ 28. Kg4 Qxe4+ 29. Rxe4 Bc1 30. b3 Bb2 31. Kf5 g6+ 32. Kg5 h6+ 33. Kxh6 Bc1+ 34. Rf4 Bxf4+ 35. gxf4 Rd8 36. Kg5 Rd2 37. Kf6 Rxc2 38. e6 fxe6 39. Kxe6 Rf2 0-1

[Event "Benidorm FEDC op 20th"]
[Site "Benidorm"]
[Date "2018.06.10"]
[Round "1"]
[White "Hernandez Lopez, Joaquin"]
[Black "Moreno Luque, Ruben"]
[Result "0-1"]
[WhiteElo "1041"]
[BlackElo "1525"]
[PlyCount "110"]
[EventDate "2018.06.10"]
[EventType "swiss"]
[EventRounds "7"]
[EventCountry "ESP"]
[SourceTitle "CBM 184 Extra"]
[Source "ChessBase"]
[SourceDate "2018.06.28"]
[SourceVersion "1"]
[SourceVersionDate "2018.06.28"]
[SourceQuality "1"]

1. e4 e5 2. Nf3 Nc6 3. Bc4 Be7 4. Nc3 Nf6 5. 0-0 0-0 6. a3 Bc5 7. Re1 d6 8. d4 Nxd4 9. Be3 Bg4 10. Be2 Nxe2+ 11. Qxe2 Qe7 12. Rad1 Rad8 13. Nd5 Nxd5 14. Rxd5 c6 15. Rdd1 d5 16. Bxc5 Qxc5 17. b4 Qe7 18. c3 Rfe8 19. Qe3 dxe4 20. Qxe4 Rxd1 21. Rxd1 f5 22. Qc4+ Kf8 23. Qc5 Qxc5 24. bxc5 e4 25. h3 Bh5 26. Rd7 exf3 27. g3 Re1+ 28. Kh2 Rc1 29. Rxb7 Rxc3 30. Rxa7 Rxc5 31. a4 Rc2 32. Kg1 Bf7 33. Ra8+ Ke7 34. Rh8 h5 35. Ra8 c5 36. Ra7+ Kf6 37. a5 c4 38. Rc7 Ke6 39. a6 Kd6 40. Rxf7 Ra2 41. a7 Kc6 42. Rxg7 c3 43. Rg6+ Kb7 44. Rg7+ Ka8 45. Rg8+ Kxa7 46. Rc8 c2 47. Rc3 Ra1+ 48. Kh2 c1Q 49. Rxc1 Rxc1 50. h4 Kb6 51. g4 fxg4 52. Kg3 Rc2 53. Kf4 Rxf2 54. Kg5 g3 55. Kxh5 g2 0-1

[Event "Benidorm op 18th"]
[Site "Benidorm"]
[Date "2017.06.15"]
[Round "5"]
[White "Moreno Luque, Ruben"]
[Black "Lopez Perez, Angel Luis"]
[Result "0-1"]
[WhiteElo "1778"]
[BlackElo "1734"]
[PlyCount "100"]
[EventDate "2017.06.11"]
[EventType "swiss"]
[EventRounds "7"]
[EventCountry "ESP"]
[SourceTitle "EXT 2018"]
[Source "ChessBase"]
[SourceDate "2017.10.13"]
[SourceVersion "1"]
[SourceVersionDate "2017.10.13"]
[SourceQuality "1"]

1. e4 c5 2. Nc3 e6 3. g3 d5 4. Bg2 d4 5. Nce2 e5 6. d3 Bg4 7. Nf3 Nc6 8. 0-0 Nf6 9. c3 a5 10. a4 Be7 11. Bd2 0-0 12. Qb3 Qc7 13. Bg5 Be6 14. Qc2 h6 15. Bxf6 Bxf6 16. h3 Qd7 17. Kh2 Ne7 18. Rab1 Ng6 19. b4 cxb4 20. cxb4 Rfc8 21. Qb2 axb4 22. Qxb4 Ra7 23. Ra1 Be7 24. Qb5 Rc5 25. Qxd7 Bxd7 26. Rfb1 Bc6 27. Nc1 Rca5 28. Rb2 Rxa4 29. Rba2 Rxa2 30. Rxa2 Rxa2 31. Nxa2 Ba3 32. Nd2 b5 33. Bf3 Bd7 34. Bd1 Be6 35. Bb3 Bd7 36. Bd5 Ne7 37. Nb1 Bd6 38. Bb3 Kf8 39. Nc1 f5 40. f3 fxe4 41. fxe4 Nc6 42. Nd2 Ke7 43. Bd5 Na5 44. Ncb3 Nc6 45. Kg2 Nb4 46. Nc1 Nxd5 47. exd5 Bc8 48. Ne4 Bb7 49. Na2 Bxd5 50. Kf3 Bxa2 0-1